[Event "LSS RN-2009-0-00227"]
[Site "LSS email"]
[Date "2009.09.02"]
[Round "?"]
[White "Cser, Andras"]
[Black "Vontina, Maria"]
[Result "1-0"]
[WhiteElo "772"]
[BlackElo "613"]
[PlyCount "77"]
[EventDate "2009.08.07"]
[EventType "tourn (corr)"]
[EventRounds "6"]
[EventCountry "GER"]
[SourceTitle "Corr 2011"]
[Source "ChessBase"]
[SourceDate "2010.08.31"]
[SourceVersion "1"]
[SourceVersionDate "2010.08.31"]
[SourceQuality "1"]

1. e4 e6 2. d4 d5 3. e5 c5 4. c3 Nc6 5. Nf3 Qb6 6. a3 Nge7 7. dxc5 Qxc5 8. b4 Qb6 9. Be3 Qc7 10. Bb5 Nf5 11. Bd2 a6 12. Bxc6+ Qxc6 13. 0-0 Be7 14. Nd4 Nxd4 15. cxd4 0-0 16. Nc3 Bd7 17. Rc1 Qb6 18. Be3 Rac8 19. Na4 Qd8 20. Nc5 Bc6 21. Re1 Qb6 22. Qg4 Rfe8 23. Bh6 Bf8 24. Re3 Qd8 25. Rg3 g6 26. Bxf8 Rxf8 27. Re1 Qe7 28. Ree3 Ra8 29. Ref3 b6 30. Nd3 Bb5 31. Nf4 Be8 32. Nh5 f5 33. Qh3 Kh8 34. Nf4 Rc8 35. Rc3 Rxc3 36. Rxc3 Kg7 37. Qg3 Qd7 38. Rc7 Qxc7 39. Nxe6+ 1-0